Catálogo público

Anteproyecto para la industrialización de manzana y durazno en la Sierra Gorda de Querétaro / (Record no. 171011)

MARC details
000 -CABECERA
campo de control de longitud fija 03818nam a2200505Ia 4500
001 - NÚMERO DE CONTROL
campo de control dia_459
003 - IDENTIFICADOR DEL NÚMERO DE CONTROL
campo de control CHAP
005 - FECHA Y HORA DE LA ÚLTIMA TRANSACCIÓN
campo de control 20260211174527.0
007 - CAMPO FIJO DE DESCRIPCIÓN FÍSICA--INFORMACIÓN GENERAL
campo de control de longitud fija ta
008 - DATOS DE LONGITUD FIJA--INFORMACIÓN GENERAL
campo de control de longitud fija 220117s1976 mx abdefrm 001 0 spa d
010 ## - NÚMERO DE CONTROL DE LA BIBLIOTECA DEL CONGRESO
Número de control de LC 171011
040 ## - FUENTE DE LA CATALOGACIÓN
Centro/agencia transcriptor CHAP
Centro catalogador/agencia de origen mxchpua
Normas de descripción rda
041 0# - CÓDIGO DE LENGUA
Código de lengua del texto/banda sonora o título independiente spa
Código de lengua del sumario o resumen spa
090 ## - LOCALMENTE ASIGNADO TIPO-LC NÚMERO DE CLASIFICACIÓN (OCLC); NÚMERO DE CLASIFICACIÓN LOCAL (RLIN)
Número de clasificación (OCLC) (R) ; Numero de clasificación, CALL (RLIN) (NR) Tesis
Número cutter local (OCLC) ; Número de libro/Signatura topográfica íntegra, CALL (RLIN) D53
año 1976
100 1# - ENTRADA PRINCIPAL--NOMBRE DE PERSONA
Nombre de persona Díaz Garduño, Roberto
245 10 - MENCIÓN DE TÍTULO
Título Anteproyecto para la industrialización de manzana y durazno en la Sierra Gorda de Querétaro /
Mención de responsabilidad, etc. Roberto Díaz Garduño, Teresa Guerra Dávila, Humberto Hernández Tlamayo y Patricia Vázquez Aguirre
264 ## - PRODUCCIÓN, PUBLICACIÓN, DISTRIBUCIÓN, FABRICACIÓN Y COPYRIGHT
Producción, publicación, distribución, fabricación y copyright México :
Nombre del de productor, editor, distribuidor, fabricante El autor,
Fecha de producción, publicación, distribución, fabricación o copyright 1976
300 ## - DESCRIPCIÓN FÍSICA
Extensión 204 hojas :
Otras características físicas ilustraciones, mapas, gráficas, diagramas, tablas, fotos, planos
336 ## - TIPO DE CONTENIDO
Fuente rdacontent
Término de tipo de contenido texto
Código de tipo de contenido txt
337 ## - TIPO DE MEDIO
Fuente rdamedia
Nombre/término del tipo de medio no mediado
Código del tipo de medio n
338 ## - TIPO DE SOPORTE
Fuente rdacarrier
Nombre/término del tipo de soporte volumen
Código del tipo de soporte nc
502 ## - NOTA DE TESIS
Nota de tesis Tesis
Tipo de título (Ingeniero Químico) --
Nombre de la institución que otorga el título UNAM. Facultad de Química,
Año de obtención del título 1976
504 ## - NOTA DE BIBLIOGRAFÍA, ETC.
Nota de bibliografía, etc. Bibliografía: hojas 195-198
505 0# - NOTA DE CONTENIDO CON FORMATO
Nota de contenido con formato 2 planos: --<br/>1. Diagrama--<br/>2. Distribución de equipo
520 3# - SUMARIO, ETC.
Sumario, etc. El objetivo al realizar este trabajo fue el de aplicar los conocimientos adquiridos contribuyendo de una manera real a la solución del problema socioeconómico como lo es la existencia de zonas marginadas en nuestro país. Para ello se eligió Querétaro, especialmente la región de la sierra gorda por contar con los contactos adecuados para que este estudio se llevara a efecto y por lo mismo, contar con una alta probabil1dad de que este anteproyecto tenga una pronta realización. Como es sabido: durante este siglo el mundo, dividido en altamente industrializado y escasamente industrializado, se ha caracterizado por buscar su desarrollo económico; lo cual se demuestra al incrementar su industrialización, que es a su vez una medida del crecimiento económico de un pueblo. Aquel tiene como objetivo alcanzar el mejoramiento de las condiciones de la vida humana entendiéndose como tal el aumento de bienes, tanto agropecuarios como industriales y de servicios que originen una mayor economía. Últimamente México ha logrado un significativo crecimiento industrial, sin embargo, el problema fundamental en esta evolución ha sido la tendencia a concentrarse en un limitado número de centros urbanos, descuidando al sector agropecuario, provocando con ello un desequilibrio con relación al sector rural; lo cual no debe ser sino más bien aumentar la producción del campo a la par que aumentan los centros industriales. En otros países el sector rural, que es la minoría, alimenta al resto de la población debido a su alta productividad. Uno de nuestros objetivos será, el de alcanzar un equilibrio entre los sectores rural e industrial.
650 13 - PUNTO DE ACCESO ADICIONAL DE MATERIA--TÉRMINO DE MATERIA
Término de materia o nombre geográfico como elemento de entrada Duraznos
Subdivisión general Industria y comercio
Subdivisión geográfica México
-- Querétaro
650 13 - PUNTO DE ACCESO ADICIONAL DE MATERIA--TÉRMINO DE MATERIA
Término de materia o nombre geográfico como elemento de entrada Manzanas
Subdivisión general Industria y comercio
Subdivisión geográfica México
-- Querétaro
Fuente del encabezamiento o término atg
650 13 - PUNTO DE ACCESO ADICIONAL DE MATERIA--TÉRMINO DE MATERIA
Término de materia o nombre geográfico como elemento de entrada Frutas en conserva
Fuente del encabezamiento o término atg
650 13 - PUNTO DE ACCESO ADICIONAL DE MATERIA--TÉRMINO DE MATERIA
Término de materia o nombre geográfico como elemento de entrada Plantas procesadoras de alimentos
Fuente del encabezamiento o término atg
Subdivisión general Iniciativa empresarial
Subdivisión geográfica México
-- Querétaro
650 13 - PUNTO DE ACCESO ADICIONAL DE MATERIA--TÉRMINO DE MATERIA
Término de materia o nombre geográfico como elemento de entrada Apples
Subdivisión general Industry and trade
Subdivisión geográfica Mexico
-- Querétaro
Fuente del encabezamiento o término atg
650 13 - PUNTO DE ACCESO ADICIONAL DE MATERIA--TÉRMINO DE MATERIA
Término de materia o nombre geográfico como elemento de entrada Canned fruit
Fuente del encabezamiento o término atg
650 13 - PUNTO DE ACCESO ADICIONAL DE MATERIA--TÉRMINO DE MATERIA
Término de materia o nombre geográfico como elemento de entrada Peaches
Subdivisión general Industry and trade
Subdivisión geográfica Mexico
-- Querétaro
650 13 - PUNTO DE ACCESO ADICIONAL DE MATERIA--TÉRMINO DE MATERIA
Término de materia o nombre geográfico como elemento de entrada Food processing plants
Subdivisión general Entrepreneurship
Subdivisión geográfica Mexico
-- Querétaro
Fuente del encabezamiento o término atg
700 1# - PUNTO DE ACCESO ADICIONAL--NOMBRE DE PERSONA
Nombre de persona Guerra Dávila, Teresa
Término indicativo de función/relación autora
700 1# - PUNTO DE ACCESO ADICIONAL--NOMBRE DE PERSONA
Nombre de persona Hernández Tlamayo, Humberto
Término indicativo de función/relación autor
700 1# - PUNTO DE ACCESO ADICIONAL--NOMBRE DE PERSONA
Nombre de persona Vázquez Aguirre, Patricia
Término indicativo de función/relación autora
700 1# - PUNTO DE ACCESO ADICIONAL--NOMBRE DE PERSONA
Nombre de persona García Galeano, Enrique
Término indicativo de función/relación director
700 1# - PUNTO DE ACCESO ADICIONAL--NOMBRE DE PERSONA
Nombre de persona Rojo y de Regil, Eduardo
Término indicativo de función/relación asesor
700 1# - PUNTO DE ACCESO ADICIONAL--NOMBRE DE PERSONA
Nombre de persona Dorantes, Gerardo, L.
Término indicativo de función/relación asesor
856 41 - LOCALIZACIÓN Y ACCESO ELECTRÓNICOS
Identificador Uniforme del Recurso <a href="http://10.13.5.2/tesis/1976_Diaz_Garduno_Roberto_Tesis.pdf">http://10.13.5.2/tesis/1976_Diaz_Garduno_Roberto_Tesis.pdf</a>
Texto de enlace DESCARGAR PDF
901 ## - ELEMENTOS DE DATOS A LOCAL LDA (RLIN)
a TESIS D53 1976
942 ## - ELEMENTOS DE PUNTO DE ACCESO ADICIONAL (KOHA)
Tipo de ítem Koha TESIS
Fuente del sistema de clasificación o colocación Clasificación Universidad Autónoma Chapingo
902 ## - ELEMENTOS DE DATOS B LOCAL, LDB (RLIN)
a M
905 ## - ELEMENTOS DE DATOS E LOCAL, LDE (RLIN)
a 5232271976 mx nme 8223123322spa16
Holdings
Estado de retiro Estado de pérdida Fuente del sistema de clasificación o colocación Estado dañado Restricciones de uso No para préstamo Código de colección Localización permanente Ubicación/localización actual Fuente de adquisición Total de préstamos Signatura topográfica completa Código de barras Fecha visto por última vez Número de copia Tipo de ítem Koha
    Clasificación Universidad Autónoma de Chapingo   Préstamo interno   Tesis Ingenieria Agroindustrial Ingenieria Agroindustrial El autor   Tesis D53 1976 1101011888 02/02/2026 Ej. 1 Tesis